000 00487nmm a2200169Ia 4500
008 251105s9999||||xx |||||||||||||||||und||
020 _a9788498167702
041 _aspa
100 _aLópez de Gómara, Francisco
245 0 _aLa conquista de México
264 _a[Madrid, España] :
_bLinkgua,
_c2011
300 _a460 páginas
490 _aHistoria
650 _aHistory of the Americas: Latin America
856 _uhttps://public.digitaliapublishing.com/a/14932
942 _cCF
999 _c91431
_d91431